000 00672nam a2200205Ii 4500
003 JO-AjNU
008 230605s9999||||xx |||||||||||||| ||und||
040 _aJO-AjNU
_bara
_erda
_cJO-AjNU
041 _aara
050 1 4 _aPJ7521.A9244 1996
100 3 _aالعوابدة، رياض,
_eauthor
_97856
245 0 0 _aدراسات في الادب الحديث
250 _aط1
264 3 1 _aدمشق: دار معد للطباعة والنشر والتوزيع، 1996
300 _a112ص
336 _atext
_btxt
_2rdacontent
337 _aunmediated
_bn
_2rdamedia
338 _avolume
_bnc
_2rdacarrier
650 4 _aدراسات في الأدب-الأدب الحديث
_97857
999 _aA491
_c4059
_d4059